000 00513cam a22002171 4500
001 sa 66002330
003 DLC
005 20260227112228.0
008 890502s1964 ii 000 1 malo
010 _asa 66002330
035 _a(OCoLC)19644889
040 _aDLC
_cWaU
_dDLC
042 _apremarc
050 0 0 _aPL4718.9.M326
_bP3
100 1 _aMattom, Joseph.
245 1 0 _aPannagantōṭȧ.
260 _a[Kottayam,
_c1964]
300 _a122 p.
_c19 cm.
500 _aIn Malayalam.
500 _aA novel.
999 _c68314
_d68314